|
|
|
|
| LEADER |
00000nam0a2200000 4500 |
| 001 |
225110 |
| 005 |
20231101230635.0 |
| 035 |
|
|
|a (RuTPU)RU\TPU\book\245442
|
| 090 |
|
|
|a 225110
|
| 100 |
|
|
|a 20121106d1960 k y0rusy50 ca
|
| 101 |
1 |
|
|a rus
|c eng
|
| 102 |
|
|
|a RU
|
| 105 |
|
|
|a y z 001zy
|
| 200 |
1 |
|
|a Принципы квантовой механики
|e пер. с англ.
|f П. А. Дирак
|
| 205 |
|
|
|a 4-е изд.
|
| 210 |
|
|
|a Москва
|c Физматгиз
|d 1960
|
| 215 |
|
|
|a 434 с.
|
| 320 |
|
|
|a Предм. указ.: с. 433-434.
|
| 606 |
1 |
|
|a Квантовая механика
|2 stltpush
|3 (RuTPU)RU\TPU\subj\14211
|9 40667
|
| 610 |
1 |
|
|a квантовая теория
|
| 610 |
1 |
|
|a принцип суперпозиции
|
| 610 |
1 |
|
|a представления
|
| 610 |
1 |
|
|a уравнения движения
|
| 610 |
1 |
|
|a теория возмущений
|
| 610 |
1 |
|
|a излучение
|
| 610 |
1 |
|
|a релятивистская теория
|
| 610 |
1 |
|
|a квантовая электродинамика
|
| 675 |
|
|
|a 530.145.6
|v 3
|
| 700 |
|
1 |
|a Дирак
|b П. А.
|
| 801 |
|
1 |
|a RU
|b 63413507
|c 20121106
|
| 801 |
|
2 |
|a RU
|b 63413507
|c 20131205
|g RCR
|
| 942 |
|
|
|c BK
|